000 00902nam a22002777a 4500
001 BR8701428
003 BR-BrBNA
005 20230928092415.0
007 ta
008 230509b bl.||||| |||| 00| 0 por d
040 _aBR-BrBNA
_bpor
_cBiblioteca Nacional de Agricultura
041 _a(Por)
072 _aM01
_b/G514
090 _ M01 BR8701428
100 1 _aMatos, C.M.M. da
100 1 _aRolim, R. de M.E.
110 1 _aSuperintendencia do Desenvolvimento da Pesca, Florianopolis, SC (Brasil)
_910074
245 1 _aEstudo preliminar da pesca artesanal - municipio de Florianopolis [Santa Catarina, Brasil]
260 3 _aFlorianopolis, SC (Brasil):
_c1977.
300 _a61 p.
500 _a38 tables. (*) Documento disponível na(o) CEAGRI, Florianopolis, SC (Brazil)
650 _aPESCA ARTESANAL
650 _aSANTA CATARINA
909 _a202309
_bLucia
_c55
_dLucia Elande
942 _cBK
999 _c38873
_d38873